00473 2200193 4500001002100000005001500021008004100036020001800077035001900095041000700114082001300121090001900134100001400153245003000167260003000197300002600227500001000253650001600263INLIS00000000000132220241224112328241224||||||||| | ||| |||| || |  a979-626-105-7 0010-1224001322 aid0 a370.9598 a370.9598 IND m0 aIndonesia00aMenuju Masyarakat Belajar aJakartabParamadinac2003 axii, 146 hlm. ; 21 cm aCet.2 0aIlmu Sosial